000 00900nam a2200241 a 4500
001 83851
003 BD-RjUL
005 20240529133741.0
008 240529s2001 bg a|||| m||| 00| 0 eng d
035 _a(BD-RjUL)83851
040 _aBD-RjUL
_beng
_cBD-RjUL
_dBD-RjUL
041 _aeng
082 _223
_a597.5
_bJAL 2001
100 _aJasmine, Saleha
245 1 0 _aLimnological Study and the Efficacy of some Supplementaty Feeds on the Growth of some Exotic Carps /
_cBy Saleha Jasmine ;
_6Supervisor : Abdus Salam Bhuiyan
260 _aRajshahi :
_bDepartment of Zoology, University of Rajshahi,
_c2001
300 _a[7], 254 Leaves :
_bill, ;
_ccm.
502 _aThesis (Ph. D.) -- Department of Zoology, University of Rajshahi, 2001
504 _aReferences : Leaves [191]-210
650 _aLimnological
_vFeeds
_913231
700 _aBhuiyan, Abdus Salam, Supervisor
_913202
942 _2ddc
_cTHE
999 _c83851
_d83851